Apartmen impiana (Record no. 149766)

MARC details
000 -LEADER
fixed length control field 00473nas a2200181 i 4500
001 - CONTROL NUMBER
control field C2-0322806
003 - CONTROL NUMBER IDENTIFIER
control field PPAK
005 - DATE AND TIME OF LATEST TRANSACTION
control field 20180729123401.0
008 - FIXED-LENGTH DATA ELEMENTS--GENERAL INFORMATION
fixed length control field 130915s my a|||| ||||| | may d
022 ## - INTERNATIONAL STANDARD SERIAL NUMBER
International Standard Serial Number 9771985191052
040 ## - CATALOGING SOURCE
Original cataloging agency PPAK
Language of cataloging eng
Transcribing agency PPAK
Description conventions rda
245 00 - TITLE STATEMENT
Title Apartmen impiana
Remainder of title inspirasi trend urban
264 #1 - PRODUCTION, PUBLICATION, DISTRIBUTION, MANUFACTURE, AND COPYRIGHT NOTICE
Place of production, publication, distribution, manufacture Selangor :
Name of producer, publisher, distributor, manufacturer Karangkraf ,
336 ## - CONTENT TYPE
Source rdacontent
Content type term text
337 ## - MEDIA TYPE
Source rdamedia
Media type term unmediated
338 ## - CARRIER TYPE
Source rdacarrier
Carrier type term volume
942 ## - ADDED ENTRY ELEMENTS (KOHA)
-- dc
Koha item type Serial
Holdings
Withdrawn status Lost status Source of classification or shelving scheme Damaged status Not for loan Home library Current library Shelving location Date acquired Source of acquisition Cost, normal purchase price Serial Enumeration / chronology Full call number Barcode Date last seen Cost, replacement price Price effective from Koha item type Copy number
    Dewey Decimal Classification     Perpustakaan Alor Setar Perpustakaan Alor Setar G 23/12/2013 Syarikat Mohamed Farook 10.00 Januari - Mac 2014 747 APA A00605025 03/04/2018 10.00 03/04/2018 Serial  
    Dewey Decimal Classification     Perpustakaan Alor Setar Perpustakaan Alor Setar G 23/12/2013 Syarikat Mohamed Farook 10.00 Januari - Mac 2014 747 APA A00605024 03/04/2018 10.00 03/04/2018 Serial  
    Dewey Decimal Classification     Perpustakaan Alor Setar Perpustakaan Alor Setar G 14/10/2013 Syarikat Mohamed Farook 10.00 Apr-Jun 2013 747 APA A00118796 03/04/2018 10.00 03/04/2018 Serial 22864